Catálogo Biblioteca Central

The Soviet Union in transition (Registro nro. 14369)

Detalles MARC
000 -CABECERA
campo de control de longitud fija 00597naa a2200217 i 4500
001 - NÚMERO DE CONTROL
campo de control 14369
003 - IDENTIFICADOR DEL NÚMERO DE CONTROL
campo de control ES-MaBCM
005 - FECHA Y HORA DE LA ÚLTIMA TRANSACCIÓN
campo de control 20241016091842.0
008 - CÓDIGOS DE INFORMACIÓN DE LONGITUD FIJA
campo de control de longitud fija 910514s1991 bel 000 0 eng d
021 ## -
-- xx
035 ## - NÚMERO DE CONTROL DEL SISTEMA
Número de control de sistema (OCoLC)1365230763
040 ## - FUENTE DE LA CATALOGACIÓN
Centro transcriptor ES-MaBCM
041 0# - CÓDIGO DE LENGUA
Código de lengua del texto/banda sonora o título independiente eng
043 ## - CÓDIGO DE ÁREA GEOGRÁFICA
Código de área geográfica bel
100 1# - PUNTO DE ACCESO PRINCIPAL - NOMBRE DE PERSONA
Nombre de persona Wieck, Hans George
9 (RLIN) 49399
245 14 - MENCIÓN DE TÍTULO
Título The Soviet Union in transition
Mención de responsabilidad etc. Hans George Wieck
650 27 - PUNTO DE ACCESO ADICIONAL DE MATERIA--TÉRMINO DE MATERIA
Término de materia o nombre geográfico como elemento inicial Cambio de régimen político
9 (RLIN) 57801
651 20 - PUNTO DE ACCESO ADICIONAL DE MATERIA--NOMBRE GEOGRÁFICO
Nombre geográfico URSS
9 (RLIN) 117135
773 0# - ENLACE AL DOCUMENTO FUENTE
Encabezamiento principal En:
Título Studia diplomatica
Lugar editor y fecha de publicación Bruxelles : 1991
Número de control del registro relacionado 104622
Parte(s) relacionada(s) nº 1 (1989) y 1 (1991)
942 ## - ELEMENTOS DE PUNTO DE ACCESO ADICIONAL (KOHA)
Tipo de ítem Koha Artículos de revistas
Existencias
Estado de retiro Estado de pérdida Estado dañado No para préstamo Localización permanente Ubicación/localización actual Fecha de adquisición Precio válido a partir de Tipo de ítem Koha
        Biblioteca Central del Ministerio de la Presidencia Biblioteca Central del Ministerio de la Presidencia 21/04/2012 21/04/2012 Artículos de revistas